Hindi Story Book (Record no. 2906)

MARC details
000 -LEADER
fixed length control field 00214nam a22000857a 4500
008 - FIXED-LENGTH DATA ELEMENTS--GENERAL INFORMATION
fixed length control field 160827b xxu||||| |||| 00| 0 eng d
100 ## - MAIN ENTRY--PERSONAL NAME
9 (RLIN) 250
Personal name Kumar
245 ## - TITLE STATEMENT
Title Hindi Story Book
260 ## - PUBLICATION, DISTRIBUTION, ETC. (IMPRINT)
Place of publication, distribution, etc. New Delhi
Name of publisher, distributor, etc. M.N publishers
Date of publication, distribution, etc. 2010
Holdings
Withdrawn status Lost status Source of classification or shelving scheme Damaged status Koha normalized classification for sorting Not for loan Home library Current library Shelving location Date acquired Total Checkouts Full call number Barcode Date last seen Date last checked out Price effective from Koha item type
    Dewey Decimal Classification   8H1   Good Samaritan School Library Good Samaritan School Library HINDI 08/27/2016 1 8H1 KUM11745 09/02/2016 08/27/2016 08/27/2016 BOOK

Powered by Koha